MARC

LEADER 00000nam0a2200000 4500
001 82679
005 20231031095824.0
035 |a (RuTPU)RU\TPU\book\88853 
090 |a 82679 
100 |a 20051005d1960 m y0rusy50 ca 
101 0 |a rus 
102 |a RU 
105 |a a z 001zy 
200 1 |a Введение в теорию и практику тензометрирования  |f А. А. Пятницкий  |g Новочеркасский политехнический институт им. Серго Орджоникидзе 
210 |a Новочеркасск  |d 1960 
215 |a 75 с.  |c черт. 
320 |a Библиогр.: с. 73 
610 1 |a тензометрирование 
610 1 |a датчики 
610 1 |a проволока 
610 1 |a круг Мора 
610 1 |a защита 
610 1 |a погрешности 
675 |a 620.15  |v 3 
700 1 |a Пятницкий  |b А. А. 
712 0 2 |a Новочеркасский политехнический институт им. Серго Орджоникидзе  |2 stltpush  |3 (RuTPU)RU\TPU\col\227 
801 1 |a RU  |b 63413507  |c 20051005  |g PSBO 
801 2 |a RU  |b 63413507  |c 20051014  |g PSBO 
942 |c BK